000 00570nam a22001817a 4500
005 20250108170201.0
010 _aENG-143227
020 _a9788184621495
_c175.00
035 _aEN-126759
037 _adpl
_bDBAD
082 _a881.02
100 _aKamala, Srimati
_976147
245 _aThe Forest of Forever/
_cby Srimati Kamala
260 _aMumbai
_bVakils, Feffer and Simons Pvt.
_c2017
270 _aIndustry Manor, 2nd floor, appasaheb marathe Marg Prabhadevi
_b Mumbai
_e400025
300 _a121p.
_c20cm.(pb.)
942 _2ddc
_cEN
_h881.02
_mKAM
999 _c208236
_d208236